000 00963nam a22002057a 4500
999 _c59768
_d59768
003 Ge_BSU
005 20230411155837.0
008 230411s1994 ge ||||| |||| 00| 0 geo d
020 _a5505018920
041 _ageo
080 _a81'374(038)=353.1-26 შ-19
100 _aშალამბერიძე, გიორგი
_98279
245 _aიაკობ გოგებაშვილის თხზულებათა ლექსიკონი /
_cგიორგი შალამბერიძე; რედ. მ. ასათიანი, ნ. საბაშვილი.
264 _aთბილისი :
_bგანათლება,
_c1994.
300 _a64 გვ. ;
_b20 სმ.
653 _aგოგებაშვილი, იაკობ
700 _aასათიანი, მ.
_eრედაქტორი
_93078
700 _aსაბაშვილი. ნ.
_eრედაქტორი
_99039
942 _2udc
_cBK